| Registos Bibliográficos associados ao registo de autoridade |
|
Etiqueta de registo: 00607cam 022002051 04500 001 732416 003 http://id.bnportugal.gov.pt/bib/catbnp/732416 005 19990626102200.0 095 ## $aPTBN00519639 100 ## $a19931122d194 bc y0pory0103 ba 101 1# $apor 102 ## $aPT 200 1# $a A lebre e a tartaruga$fWalt Disney$gadapt. prof. F. J. Cardoso Júnior 210 #9 $aPorto$cLello & Irmaäo,$d[194 ]- 215 ## $a50, [2] p.$cil.$d26 cm 700 #1 $aDisney,$bWalt,$f1901-1966$327116 702 #1 $aCardoso Júnior,$bFrancisco José,$f1884-1969$4010$328562 801 #0 $aPT$bBN$gRPC 966 ## $lBN$mFGMON$sL. 12593 V. 966 ## $lBN$mFGMON$sL. 12884 V. 997 ## $aBIBEOD 998 ## $aCB061-352
Etiqueta de registo: 00574c 02200205 04500 001 80423 003 http://id.bnportugal.gov.pt/bib/catbnp/80423 005 19981118103200.0 095 ## $aPTBN00083575 100 ## $a19950301d1955 k y0pora0103 ba 101 0# $apor 102 ## $aPT 200 1# $a A tarefa construtiva da República$fFrancisco José Cardoso Júnior 210 #9 $aPorto$c[s.n.,$dD.L. 1955] 215 ## $a22 p.$d25 cm 305 ## $aSep. República 675 ## $a940$vmed$zpor$3288145 700 #1 $aCardoso Júnior,$bFrancisco José,$f1884-1969$328562 801 #0 $aPT$bBN$gRPC 966 ## $lBN$mFGMON$sH.G. 29233 P. 997 ## $aBIBEOD 998 ## $aCR030 - 00060
Etiqueta de registo: 00696cam 22002171 450 001 845221 003 http://id.bnportugal.gov.pt/bib/catbnp/845221 005 19990126000000.0 095 ## $aPTBN00499398 100 ## $a19931008d1936 km y0pory0103 ba 101 1# $apor 102 ## $aPT 200 1# $aMickey apresenta$e um lindo sonho$fWalt Disney$gtrad. do prof. F. J. Cardoso Júnior 210 #9 $aPorto$cLiv. Lello e Irmäo,$d1936 215 ## $a64 p.$cil.$d26 cm 300 ## $aConto e ilustração extraídos da célebre fábula de Walt Disney 700 #1 $aDisney,$bWalt,$f1901-1966$327116 702 #1 $aCardoso Júnior,$bFrancisco José,$f1884-1969$4730$328562 801 #0 $aPT$bBN$gRPC 966 ## $lBN$mFGMON$sL. 5929 A. 966 ## $lBN$mFGMON$sL. 5942 A. 998 ## $aCR624-70
Etiqueta de registo: 00578cam 022001931 04500 001 845219 003 http://id.bnportugal.gov.pt/bib/catbnp/845219 005 19990626102200.0 095 ## $aPTBN00499396 100 ## $a19931008d1936 km y0pory0103 ba 101 1# $apor 102 ## $aPT 200 1# $a O flautista de Hamelim$fDisney Walt$gtrad. do prof. F. J. Cardoso Júnior 210 #9 $aPorto$cLiv. Lello e Irmäo,$d[1936] 215 ## $a76 p., [2] f.$cil.$d26 cm 700 #1 $aDisney,$bWalt,$f1901-1966$327116 702 #1 $aCardoso Júnior,$bFrancisco José,$f1884-1969$4730$328562 801 #0 $aPT$bBN$gRPC 966 ## $lBN$mFGMON$sL. 6002 A. 998 ## $aCR624-69
Etiqueta de registo: 00572cam 022001931 04500 001 845218 003 http://id.bnportugal.gov.pt/bib/catbnp/845218 005 19990626102200.0 095 ## $aPTBN00499395 100 ## $a19931008d1936 km y0pory0103 ba 101 1# $apor 102 ## $aPT 200 1# $a A cigarra e as formigas$fWalt Disney$gtrad. do prof. F. J. Cardoso Júnior 210 #9 $aPorto$cLiv. Lello e Irmäo,$d[1936] 215 ## $a51 p.$cil.$d26 cm 700 #1 $aDisney,$bWalt,$f1901-1966$327116 702 #1 $aCardoso Júnior,$bFrancisco José,$f1884-1969$4730$328562 801 #0 $aPT$bBN$gRPC 966 ## $lBN$mFGMON$sL. 12435 V. 998 ## $aCR624-68
Etiqueta de registo: 00570cam 022001931 04500 001 845217 003 http://id.bnportugal.gov.pt/bib/catbnp/845217 005 19990626102200.0 095 ## $aPTBN00499394 100 ## $a19931008d1936 km y0pory0103 ba 101 1# $apor 102 ## $aPT 200 1# $a Os brinquedos do Natal$fWalt Disney$gtrad. do prof. F. J. Cardoso Júnior 210 #9 $aPorto$cLiv. Lello e Irmäo,$d[1936] 215 ## $a51 p.$cil.$d26 cm 700 #1 $aDisney,$bWalt,$f1901-1966$327116 702 #1 $aCardoso Júnior,$bFrancisco José,$f1884-1969$4730$328562 801 #0 $aPT$bBN$gRPC 966 ## $lBN$mFGMON$sL. 5996 A. 998 ## $aCR624-67
Etiqueta de registo: 00532cam 22001931 450 001 827766 003 http://id.bnportugal.gov.pt/bib/catbnp/827766 005 19990125000000.0 095 ## $aPTBN00480302 100 ## $a19921216d1943 km y0pory0103 ba 101 0# $apor 102 ## $aPT 200 1# $aRaul de Caldevilla$fF. J. Cardoso Junior 205 ## $a2ª ed 210 #9 $a[S.l.$cs.n.],$dimp. 1943$ePorto :$gTip. Modesta) 215 ## $a28 p.$d10 cm 700 #1 $aCardoso Júnior,$bFrancisco José,$f1884-1969$328562 801 #0 $aPT$bBN$gRPC 966 ## $lBN$mFGMON$sS.C. 15657//1 P. 998 ## $aCI241-385
Etiqueta de registo: 00629cam 2200217 450 001 813443 003 http://id.bnportugal.gov.pt/bib/catbnp/813443 005 19991016111600.0 095 ## $aPTBN00464887 100 ## $a19910629d1922 em y0pory0103 ba 101 0# $apor 102 ## $aPT 106 ## $ar 200 1# $aNoções de História$e3ª classe dos liceus$fFrancisco José Cardoso Junior 210 #9 $aPorto$cJ. Pereira da Silva,$d1922 215 ## $a155 p.$cil.$d22 cm 700 #1 $aCardoso Júnior,$bFrancisco José,$f1884-1969$328562 801 #0 $aPT$bBN$gRPC 966 ## $lBN$mFGMON$sH.G. 5152 V.$x0 966 ## $lBN$mFGMON$sH.G. 15232 V. 966 ## $lBN$mFGMON$sH.G. 21447 P. 998 ## $aCI362-370
Etiqueta de registo: 00465nam 22001571i 450 001 1248478 003 http://id.bnportugal.gov.pt/bib/catbnp/1248478 100 ## $a20020702d1939 m y0pory0103 ba 101 1# $apor 102 ## $aPT 200 1# $aBranca de neve e os sete anões...$fWalt Disney$gTrad. do Prof. F. J. Cardoso Júnior 210 #9 $aPorto$cLello & Irmão,$d[1939] 215 ## $a56 p. [2 fl.]$cil.$d26 cm 700 #1 $aDisney,$bWalt,$f1901-1966$327116 702 #1 $aCardoso Júnior,$bFrancisco José,$f1884-1969$4730$328562 801 #0 $aPT$bBN 801 #1 $aFR$bJOUVE 966 ## $lBN$mFGMON$sL. 12479 V.$x1
Etiqueta de registo: 00550cam 22001931 450 001 741615 003 http://id.bnportugal.gov.pt/bib/catbnp/741615 005 19990626102200.0 095 ## $aPTBN00528865 100 ## $a19940105d1946 km y0pory0103 ba 101 0# $apor 102 ## $aPT 200 1# $aAves na Primavera$fWalt Disney$gadpat. F. J. Cardoso Júnior 210 #9 $aPorto$cLello & Irmäo,$d1946 215 ## $a64 p.$cil.$d26 cm 700 #1 $aDisney,$bWalt,$f1901-1966$327116 702 #1 $aCardoso Júnior,$bFrancisco José,$f1884-1969$4010$328562 801 #0 $aPT$bBN$gRPC 966 ## $lBN$mFGMON$sL. 13330 V. 998 ## $aCB051-336
Etiqueta de registo: 00570cam 22001931 450 001 741617 003 http://id.bnportugal.gov.pt/bib/catbnp/741617 005 19990626102200.0 095 ## $aPTBN00528867 100 ## $a19940105d1946 km y0pory0103 ba 101 0# $apor 102 ## $aPT 200 1# $a O Rato Mickey no País dos Gigantes$fWalt Disney$gadapt. F. J. Cardoso Júnior 210 #9 $aPorto$cLello & Irmäo,$d1946 215 ## $a70 p.$cil.$d26 cm 700 #1 $aDisney,$bWalt,$f1901-1966$327116 702 #1 $aCardoso Júnior,$bFrancisco José,$f1884-1969$4010$328562 801 #0 $aPT$bBN$gRPC 966 ## $lBN$mFGMON$sL. 13329 V. 998 ## $aCB051-338
Etiqueta de registo: 00602cam 22002051 450 001 736702 003 http://id.bnportugal.gov.pt/bib/catbnp/736702 005 19990108000000.0 095 ## $aPTBN00523944 100 ## $a19931213d1943 m y0pory0103 ba 101 1# $apor$crus 102 ## $aPT 200 1# $aTarass Bulba$fNicolau Gogol$gtrad. F. J. Cardoso Júnior 210 #9 $aLisboa$cEditorial "Gleba",$d1943 215 ## $a231 p., cap. il.$d19 cm 225 2# $aRomances Célebres$v2 675 ## $a821.161.1-31"18"$vBN$zpor$3595933 700 #1 $aGogol,$bNikolai,$f1809-1852$3206768 702 #1 $aCardoso Júnior,$bFrancisco José,$f1884-1969$4370$328562 801 #0 $aPT$bBN$gRPC 966 ## $lBN$mFGMON$sL. 34891 P. 997 ## $aBIBEOD 998 ## $aCR615-498
Etiqueta de registo: 00573cam 022001931 04500 001 732417 003 http://id.bnportugal.gov.pt/bib/catbnp/732417 005 19990626102200.0 095 ## $aPTBN00519640 100 ## $a19931122d1941 bc y0pory0103 ba 101 1# $apor 102 ## $aPT 200 1# $a O pato Donaldo e D. Hortênsia$fWalt Disney$gadapt. prof. F. J. Cardoso Júnior 210 #9 $aPorto$cLello & Irmäo,$d[1941] 215 ## $a50, [4] p.$d26 cm 700 #1 $aDisney,$bWalt,$f1901-1966$327116 702 #1 $aCardoso Júnior,$bFrancisco José,$f1884-1969$4010$328562 801 #0 $aPT$bBN$gRPC 966 ## $lBN$mFGMON$sL. 12883 V. 998 ## $aCB061-353
Etiqueta de registo: 00608cam 22002051 450 001 732418 003 http://id.bnportugal.gov.pt/bib/catbnp/732418 005 19990626102200.0 095 ## $aPTBN00519641 100 ## $a19931122f19401941bc y0pory0103 ba 101 1# $apor 102 ## $aPT 200 1# $a Os três lobinhos malvados$fWalt Disney$gadapt. prof. F. J. Cardoso Júnior 210 #9 $aPorto$cLello & Irmäo,$d1941 215 ## $a50, [2] p.$cil.$d26 cm 700 #1 $aDisney,$bWalt,$f1901-1966$327116 702 #1 $aCardoso Júnior,$bFrancisco José,$f1884-1969$4010$328562 801 #0 $aPT$bBN$gRPC 966 ## $lBN$mFGMON$sL. 12595 V. 966 ## $lBN$mFGMON$sL. 12885 V. 998 ## $aCB061-354
Etiqueta de registo: 00594cam 022002171 04500 001 732137 003 http://id.bnportugal.gov.pt/bib/catbnp/732137 005 19990108000000.0 095 ## $aPTBN00519355 100 ## $a19931122d1941 b y0pory0103 ba 101 0# $apor 102 ## $aPT 200 1# $a As aventuras de D. Quixote$fF. J. Cardoso Júnior 210 #9 $aPorto$cLello,$d[1941] 215 ## $a75 p.$cil.$d26 cm 225 2# $aInfantil 532 13 $a As aventuras de Dom Quixote 700 #1 $aCardoso Júnior,$bFrancisco José,$f1884-1969$328562 801 #0 $aPT$bBN$gRPC 966 ## $lBN$mFGMON$sL. 12594 V.$x1 966 ## $lBN$mFGMON$sL. 12882 V. 997 ## $aBIBEOD 998 ## $aCB061-33
Etiqueta de registo: 00611cam 22002051 450 001 731340 003 http://id.bnportugal.gov.pt/bib/catbnp/731340 005 19990108000000.0 095 ## $aPTBN00518556 100 ## $a19931119d1941 km y0pory0103 ba 101 1# $apor 102 ## $aPT 200 1# $a O escaravelho de ouro$fEdgar Poë$gtrad. de F. J. Cardoso Júnior 210 #9 $aLisboa$cEd. Inquérito,$d1941 215 ## $a72 p.$ccapa il.$d19 cm 225 2# $aNovelas "Inquérito"$v20 675 ## $a821.111(73)-34"18"$vBN$zpor$3561134 700 #1 $aPoe,$bEdgar Allan,$f1809-1849$337457 702 #1 $aCardoso Júnior,$bFrancisco José,$f1884-1969$4730$328562 801 #0 $aPT$bBN$gRPC 966 ## $lBN$mFGMON$sL. 33975//1 P. 997 ## $aBIBEOD 998 ## $aCB043-10
Etiqueta de registo: 00759cam 22002291 450 001 724879 003 http://id.bnportugal.gov.pt/bib/catbnp/724879 005 20000707101900.0 095 ## $aPTBN00512053 100 ## $a19931018d1940 m y0pory0103 ba 101 1# $apor$cfre 102 ## $aPT 200 1# $aEducação ateniense$e(da viagem de Anacársis)$fJ. J. Barthélemy$gtrad. e notas de F. J. Cardoso Júnior 210 #9 $aLisboa$cInquérito,$d1940 215 ## $a80 p.$d19 cm 225 2# $aCadernos Inquérito$hSérie D.$iPedagogia$v4 700 #1 $aBarthelemy,$bJean Jacques,$f1716-1795$343143 702 #1 $aCardoso Júnior,$bFrancisco José,$f1884-1969$4730$4212$328562 801 #0 $aPT$bBN$gRPC 966 ## $lBN$mFGMON$sS.A. 34313 P. 966 ## $lBN$mFGMON$sS.A. 22401//4 P. $x0 997 ## $aBIBEOD 998 ## $aCR605-146
Etiqueta de registo: 00629cam 022002051 04500 001 716207 003 http://id.bnportugal.gov.pt/bib/catbnp/716207 005 19990626102200.0 095 ## $aPTBN00503291 100 ## $a19931014d1938 km y0pory0103 ba 101 1# $apor 102 ## $aPT 200 1# $a A noite de Natal$econto e ilustrações extraídos do célebre filme de Walt Disney$ftrad. F. J. Cardoso Júnior 205 ## $aEd. popular 210 #9 $aPorto$cLivr. Lello & Irmäo,$d[1938] 215 ## $a53 p.$d18 cm 702 #1 $aCardoso Júnior,$bFrancisco José,$f1884-1969$4730$328562 801 #0 $aPT$bBN$gRPC 966 ## $lBN$mFGMON$sL. 31931 P. 966 ## $lBN$mFGMON$sL. 33311 P. 997 ## $aBIBEOD 998 ## $aCB006-401
Etiqueta de registo: 00698cam 022002291 04500 001 716206 003 http://id.bnportugal.gov.pt/bib/catbnp/716206 005 19990626102200.0 095 ## $aPTBN00503290 100 ## $a19931014d1938 km y0pory0103 ba 101 1# $apor 102 ## $aPT 200 1# $a Um lindo sonho$econto e ilustrações extraídos do célebre filme de Walt Disney$ftrad. de F. J. Cardoso Júnior 205 ## $aEd. popular 210 #9 $aPorto$cLivr. Lello & Irmäo,$d[1938] 215 ## $a49 p.$d18 cm 702 #1 $aCardoso Júnior,$bFrancisco José,$f1884-1969$4730$328562 801 #0 $aPT$bBN$gRPC 966 ## $lBN$mFGMON$sL. 5998 A. 966 ## $lBN$mFGMON$sL. 31870 P. 966 ## $lBN$mFGMON$sL. 33315 P. 997 ## $aBIBEOD 998 ## $aCB006-400
Etiqueta de registo: 00584cam 022001811 04500 001 716203 003 http://id.bnportugal.gov.pt/bib/catbnp/716203 005 19990626102200.0 095 ## $aPTBN00503287 100 ## $a19931014d1938 km y0pory0103 ba 101 0# $apor 102 ## $aPT 200 1# $aBranca de neve e os sete anões$econto e ilustrações extraídas do celebre filme de Walt Disney$fadaptador F. J. Cardoso Júnior 210 #9 $aPorto$cLivr. Lello & Irmäo,$d[1938] 215 ## $a5, [4] p.$d26 cm 702 #1 $aCardoso Júnior,$bFrancisco José,$f1884-1969$4010$328562 801 #0 $aPT$bBN$gRPC 966 ## $lBN$mFGMON$sL. 2816 A. 997 ## $aBIBEOD 998 ## $aCB006-397
Etiqueta de registo: 00715cam 022002291 04500 001 716204 003 http://id.bnportugal.gov.pt/bib/catbnp/716204 005 19990626102200.0 095 ## $aPTBN00503288 100 ## $a19931014d1938 km y0pory0103 ba 101 1# $apor 102 ## $aPT 200 1# $a A cigarra e as formigas$econto e ilustrações extraídos do célebre filme de Walt Disney$ftrad. de F. J. Cardoso Júnior 205 ## $aEd. popular 210 #9 $aPorto$cLivr. Lello & Irmäo,$d[1938] 215 ## $a41, [3] p.$d18 cm 702 #1 $aCardoso Júnior,$bFrancisco José,$f1884-1969$4730$328562 801 #0 $aPT$bBN$gRPC 966 ## $lBN$mFGMON$sL. 1071 A. 966 ## $lBN$mFGMON$sL. 12435 V. 966 ## $lBN$mFGMON$sL. 31857 P. 966 ## $lBN$mFGMON$sL. 33316 P. 997 ## $aBIBEOD 998 ## $aCB006-398
Etiqueta de registo: 00636cam 022002051 04500 001 716202 003 http://id.bnportugal.gov.pt/bib/catbnp/716202 005 19990108000000.0 095 ## $aPTBN00503286 100 ## $a19931014d1938 km y0pory0103 ba 101 1# $apor 102 ## $aPT 200 1# $a A arca de Noé$econto e ilustrações extraídas do célebre filme de Walt Disney$ftrad. de F. J. Cardoso Júnior 205 ## $aEd. popular 210 #9 $aPorto$cLivr. Lello & Irmäo,$d[1938] 215 ## $a53, [3] p.$d18 cm 702 #1 $aCardoso Júnior,$bFrancisco José,$f1884-1969$4730$328562 801 #0 $aPT$bBN$gRPC 966 ## $lBN$mFGMON$sL. 1027 A. 966 ## $lBN$mFGMON$sL. 5952 A.$x0 997 ## $aBIBEOD 998 ## $aCB006-396
Etiqueta de registo: 00734cam 2200217 450 001 476741 003 http://id.bnportugal.gov.pt/bib/catbnp/476741 005 19990101000000.0 095 ## $aPTBN00679497 100 ## $a19941214d1936 km y0pory0103 ba 101 1# $apor 102 ## $aPT 200 1# $aMickey apresenta$e o lobo feroz e o capuchinho vermelho$fWalt Disney$gtrad. do prof. F. J. Cardoso Júnior 210 #9 $aPorto$cLiv. Lello e Irmäo,$d1936 215 ## $a64 p.$cil.$d26 cm 300 ## $aConto e ilustração extraídos da célebre fábula de Walt Disney 700 #1 $aDisney,$bWalt,$f1901-1966$327116 702 #1 $aCardoso Júnior,$bFrancisco José,$f1884-1969$4730$328562 801 #0 $aPT$bBN$gRPC 966 ## $lBN$mFGMON$sL. 5930 A.$x0 966 ## $lBN$mFGMON$sL. 5944 A.$x0 966 ## $lBN$mFGMON$sL. 6000 A.
Etiqueta de registo: 00664cam 2200229 450 001 481351 003 http://id.bnportugal.gov.pt/bib/catbnp/481351 005 19990101000000.0 095 ## $aPTBN00684134 100 ## $a19950112d1926 m y0pory0103 ba 101 0# $apor 102 ## $aPT 106 ## $ar 200 1# $aNoções de história de Portugal$fDamião Peres, F. J. Cardoso Junior 205 ## $a2ª ed 210 #9 $aLisboa [etc.]$cLumen,$d1926 215 ## $a167 p.$cil.$d20 cm 700 #1 $aPeres,$bDamião,$f1889-1976$342999 701 #1 $aCardoso Júnior,$bFrancisco José,$f1884-1969$4070$328562 801 #0 $aPT$bBN$gRPC 966 ## $lBN$mFGMON$sH.G. 22125 P. 966 ## $lBN$mFGMON$sH.G. 22126 P.$x1 966 ## $lBN$mFGMON$sH.G. 24654 P. 997 ## $aBIBEOD
Etiqueta de registo: 00589cam 2200205 450 001 489501 003 http://id.bnportugal.gov.pt/bib/catbnp/489501 005 19990101000000.0 095 ## $aPTBN00692302 100 ## $a19950218d1929 de y0pory0103 ba 101 0# $apor 102 ## $aPT 106 ## $ar 200 1# $aNoções de História de Portugal$fpor Damião Peres, F. J. Cardoso Júnior 205 ## $a3ª ed 210 #9 $aCoimbra$cAtlântida,$d1929 215 ## $a172 p.$cil.$d19 cm 700 #1 $aPeres,$bDamião,$f1889-1976$342999 701 #1 $aCardoso Júnior,$bFrancisco José,$f1884-1969$4070$328562 801 #0 $aPT$bBN$gRPC 966 ## $lBN$mFGMON$sH.G. 22821 P. 997 ## $aBIBEOD
Etiqueta de registo: 00495cam 2200181 450 001 515576 003 http://id.bnportugal.gov.pt/bib/catbnp/515576 005 19990102000000.0 095 ## $aPTBN00718595 100 ## $a19950411d1928 em y0pory0103 ba 101 0# $apor 102 ## $aPT 200 1# $aExercicios de redacção$fFrancisco José Cardoso Junior 205 ## $a4ª ed 210 #9 $aPorto$cLelo & Irmão,$d1928 215 ## $a1 v.$d18 cm 700 #1 $aCardoso Júnior,$bFrancisco José,$f1884-1969$328562 801 #0 $aPT$bBN$gRPC 966 ## $lBN$mFGMON$sL. 28487 P. 997 ## $aBIBEOD
Etiqueta de registo: 00530cam 2200169 450 001 523285 003 http://id.bnportugal.gov.pt/bib/catbnp/523285 005 19990103000000.0 095 ## $aPTBN00726322 100 ## $a19950502d1912 km y0pory0103 ba 101 0# $apor 102 ## $aPT 200 1# $aMoral em narrativas e preceitos$eem obediencia ao decreto que tornou neutra a escola primaria$fF. J. Cardoso Junior 210 #9 $aPorto$cLiv. Fernandes,$d1912 215 ## $a1 v.$d8º 700 #1 $aCardoso Júnior,$bFrancisco José,$f1884-1969$328562 801 #0 $aPT$bBN$gRPC 966 ## $lBN$mFGMON$sL. 13042 P. 997 ## $aBIBEOD
Etiqueta de registo: 00592cam 2200205 450 001 525643 003 http://id.bnportugal.gov.pt/bib/catbnp/525643 005 19990103000000.0 095 ## $aPTBN00728693 100 ## $a19950510d1931 km y0pory0103 ba 101 0# $apor 102 ## $aPT 200 1# $aGramática prática elementar da língua portuguesa$fFrancisco José Cardoso Júnior 205 ## $a2ª ed 210 #9 $aPorto$cLiv. Lello,$d1931 215 ## $a1 v.$d20 cm 700 #1 $aCardoso Júnior,$bFrancisco José,$f1884-1969$328562 801 #0 $aPT$bBN$gRPC 966 ## $lBN$mFGMON$sL. 13335 P. 966 ## $lBN$mFGMON$sL. 24177 P. 966 ## $lBN$mFGMON$sL. 24178 P. 997 ## $aBIBEOD
Etiqueta de registo: 00564cam 2200181 450 001 536791 003 http://id.bnportugal.gov.pt/bib/catbnp/536791 005 19990103000000.0 095 ## $aPTBN00739864 100 ## $a19950608d1939 de y0pory0103 ba 101 1# $apor 102 ## $aPT 200 1# $a A arca de Noé$econto e ilustrações extraídos do filme de Walt Disney$ftrad. de F. J. Cardoso Júnior 210 #9 $aPorto$cLello & Irmão,$d1939 215 ## $a53 p.$cil.$d18 cm 702 #1 $aCardoso Júnior,$bFrancisco José,$f1884-1969$4730$328562 801 #0 $aPT$bBN$gRPC 966 ## $lBN$mFGMON$sL. 31859 P. 966 ## $lBN$mFGMON$sL. 33312 P. 997 ## $aBIBEOD
Etiqueta de registo: 00655cam 2200217 450 001 539696 003 http://id.bnportugal.gov.pt/bib/catbnp/539696 005 19990103000000.0 095 ## $aPTBN00742772 100 ## $a19950619d1930 c y0pory0103 ba 101 0# $apor 102 ## $aPT 200 1# $aLivro de leitura$eI classe$fJoão Grave, F. J. Cardoso Júnior$gil. Laura Costa 210 #9 $aPorto$cLiv. Chardron,$d1930 215 ## $a55 p.$cil., il. color.$d18 cm 225 2# $aEscolar Lelo 700 #1 $aGrave,$bJoão,$f1872-1934$339900 701 #1 $aCardoso Júnior,$bFrancisco José,$f1884-1969$4070$328562 702 #1 $aCosta,$bLaura,$f1910-1992$4440$352786 801 #0 $aPT$bBN$gRPC 966 ## $lBN$mFGMON$sL. 22953 P. 966 ## $lBN$mFGMON$sL. 22957 P. 997 ## $aBIBEOD
Etiqueta de registo: 00567cam 2200193 450 001 635454 003 http://id.bnportugal.gov.pt/bib/catbnp/635454 005 19990105000000.0 095 ## $aPTBN00847080 100 ## $a19961209d1916 d y0pory0103 ba 101 0# $apor 102 ## $aPT 106 ## $ar 200 1# $aEducação cívica$eensino primário$fF. J. Cardoso Júnior 210 #9 $aPorto$cJ. Pereira da Silva,$dimp. 1916 215 ## $a32 p.$d19 cm 700 #1 $aCardoso Júnior,$bFrancisco José,$f1884-1969$328562 801 #0 $aPT$bBN$gRPC 966 ## $lBN$mFGMON$sS.A. 21235 P.$x0 966 ## $lBN$mFGMON$nEnc. com outras obras$sS.C. 7034//8 V. 997 ## $aBIBEOD
Etiqueta de registo: 00536cam 2200181 450 001 425381 003 http://id.bnportugal.gov.pt/bib/catbnp/425381 005 19990626102300.0 095 ## $aPTBN00454300 100 ## $a19910824d1922 km y0pory0103 ba 101 0# $apor 102 ## $aPT 200 1# $aNoções de história$epara uso dos alunos da 3ª classe$fF. J. Cardoso Júnior 210 #9 $aPorto$cJ. Pereira da Silva,$d1922 215 ## $a155 p.$cil.$d21 cm 700 #1 $aCardoso Júnior,$bFrancisco José,$f1884-1969$328562 801 #0 $aPT$bBN$gRPC 966 ## $lBN$mFGMON$sH.G. 12683 V. 997 ## $aBIBEOD 998 ## $aCI345-416
Etiqueta de registo: 00602cam 22002051 450 001 277562 003 http://id.bnportugal.gov.pt/bib/catbnp/277562 005 20021128090400.0 095 ## $aPTBN00288710 100 ## $a19740101d1974 a y0pora0103 ba 101 0# $apor 102 ## $aPT 200 1# $a As aventuras de D. Quixote$fFrancisco José Cardoso Júnior 210 #9 $aPorto$cLello & Irmäo,$d1974 215 ## $a121 p.$cil.$d16 cm 225 2# $aContos para crianças$v13 532 12 $a As aventuras de Dom Quixote 675 ## $a087.5$vmed$zpor$3287999 700 #1 $aCardoso Júnior,$bFrancisco José,$f1884-1969$328562 801 #0 $aPT$bBN$gRPC 966 ## $lBN$mFGMON$sP. 7733 P.$x0 997 ## $aBIBEOD
Etiqueta de registo: 00644cam 022001931 04500 001 716205 003 http://id.bnportugal.gov.pt/bib/catbnp/716205 005 20010328180600.0 095 ## $aPTBN00503289 100 ## $a19931014d1938 km y0pory0103 ba 101 0# $apor 102 ## $aPT 200 1# $a Os coelhinhos e os ovos da Páscoa$fadaptador F. J. Cardoso Júnior$gdesenhos de Félix Lorionel conforme a célebre fita cinematográfica de Walt Disney 210 #9 $aPorto$cLivr. Lello & Irmão,$d[1938] 215 ## $a51 p.$d26 cm 702 #1 $aCardoso Júnior,$bFrancisco José,$f1884-1969$4010$328562 702 #1 $aLorionel,$bFélix$4440$3710452 801 #0 $aPT$bBN$gRPC 966 ## $lBN$mFGMON$sL. 2817 A. 997 ## $aBIBEOD 998 ## $aCB006-399
Etiqueta de registo: 00606cam 22002051 450 001 725025 003 http://id.bnportugal.gov.pt/bib/catbnp/725025 005 20000710101400.0 095 ## $aPTBN00512199 100 ## $a19931018d1940 c y0pory0103 ba 101 0# $apor 102 ## $aPT 200 1# $aGramática prática elementar da língua portuguesa para a 3ª e 4ª classes$fF. J. Cardoso Júnior 205 ## $a8ª ed 210 #9 $aPorto$cLello,$d1940 215 ## $a316 p.$d19 cm 700 #1 $aCardoso Júnior,$bFrancisco José,$f1884-1969$328562 801 #0 $aPT$bBN$gRPC 966 ## $lBN$mFGMON$sL. 33452 P. 966 ## $lBN$mFGMON$sL. 35188 P. 997 ## $aBIBEOD 998 ## $aCR605-308
Etiqueta de registo: 00671cam 2200217 450 001 133151 003 http://id.bnportugal.gov.pt/bib/catbnp/133151 100 ## $a19900825d1960 m y0pory01030103ba 101 0# $apor 102 ## $aPT 105 ## $ay z 000yy 106 ## $ar 200 1# $aEm prol da educação popular$e ( colectânea de doutrinas)$fFrancisco José Cardoso Júnior$gpref. António Sérgio 210 #9 $aPorto$cMarânus,$d1960 215 ## $a172 p.$d20 cm 317 ## $aDoação de Ana Rita Palmeirim$5PTBN: S.C. 45726 P. 675 ## $a37.02$vBN$zpor$3288044 700 #1 $aCardoso Júnior,$bFrancisco José,$f1884-1969$328562 702 #1 $aSérgio,$bAntónio,$f1883-1969$4080$327937 801 #0 $aPT$bBN$gRPC 966 ## $lBN$mFGMON$sS.C. 20386 P. 966 ## $lBN$mFGMON$sS.C. 45726 P.$x3 997 ## $aBIBEOD
Etiqueta de registo: 00839cam 022002531 04500 001 841937 003 http://id.bnportugal.gov.pt/bib/catbnp/841937 005 19991118172500.0 095 ## $aPTBN00496106 100 ## $a19990126d1935 k y0pory0103 ba 101 0# $apor 102 ## $aPT 106 ## $ar 200 1# $aPestalozzi$einfluência das suas ideias na educação moderna$fF. J. Cardoso Júnior 210 #9 $aPorto$cCentro de Publicações Escolares,$d1935 215 ## $a33, [2] p.$d25 cm 305 ## $aSep. Secção de Cultura do Boletim Escolar 700 #1 $aCardoso Júnior,$bFrancisco José,$f1884-1969$328562 801 #0 $aPT$bBN$gRPC 966 ## $lBN$mFGMON$sS.A. 11354//21 V. $x0 966 ## $lBN$mFGMON$pBiblioteca Alice Gomes$sS.C. 82682 V.$x3 998 ## $aCB011-33
Etiqueta de registo: 00664cam 022002171 04500 001 943295 003 http://id.bnportugal.gov.pt/bib/catbnp/943295 005 19990616000000.0 095 ## $aPTBN00957640 100 ## $a19911219d1923 k y0pory0103 ba 101 0# $apor 102 ## $aPT 200 1# $aNoções de história de Portugal$fpor Damiäo Peres e F. J. Cardoso Júnior 210 #9 $aPorto$cRenascença Portuguesa,$d1923 215 ## $a174 p.$cil.$d20 cm 675 ## $a94(469)$vBN$zpor$31565134 700 #1 $aPeres,$bDamião,$f1889-1976$342999 701 #1 $aCardoso Júnior,$bFrancisco José,$f1884-1969$4070$328562 801 #0 $aPT$bBN$gRPC 966 ## $lBN$mFGMON$sH.G. 29619 P. 997 ## $aBIBEOD 998 ## $aLLE45-637
Etiqueta de registo: 00549cam 22001931 450 001 741616 003 http://id.bnportugal.gov.pt/bib/catbnp/741616 005 19990626102200.0 095 ## $aPTBN00528866 100 ## $a19940105d1946 km y0pory0103 ba 101 0# $apor 102 ## $aPT 200 1# $a O gato bandido$fWalt Disney$gadapt. F. J. Cardoso Júnior 210 #9 $aPorto$cLello & Irmäo,$d1946 215 ## $a64 p.$cil.$d26 cm 700 #1 $aDisney,$bWalt,$f1901-1966$327116 702 #1 $aCardoso Júnior,$bFrancisco José,$f1884-1969$4010$328562 801 #0 $aPT$bBN$gRPC 966 ## $lBN$mFGMON$sL. 13331 V. 998 ## $aCB051-337
Etiqueta de registo: 00676cam 2200205 450 001 476745 003 http://id.bnportugal.gov.pt/bib/catbnp/476745 005 19990101000000.0 095 ## $aPTBN00679501 100 ## $a19941214d1936 km y0pory0103 ba 101 1# $apor 102 ## $aPT 200 1# $aMickey apresenta$e os três porquinhos$fWalt Disney$gtrad. do prof. F. J. Cardoso Júnior 210 #9 $aPorto$cLiv. Lello e Irmäo,$d1936 215 ## $a63 p.$cil.$d26 cm 300 ## $aConto e ilustração extraídos da célebre fábula de Walt Disney 700 #1 $aDisney,$bWalt,$f1901-1966$327116 702 #1 $aCardoso Júnior,$bFrancisco José,$f1884-1969$4730$328562 801 #0 $aPT$bBN$gRPC 966 ## $lBN$mFGMON$sL. 5928 A. 966 ## $lBN$mFGMON$sL. 5943 A.
Etiqueta de registo: 00557cam 022001931 04500 001 740197 003 http://id.bnportugal.gov.pt/bib/catbnp/740197 100 ## $a19940104d1945 m y0pory0103 ba 101 1# $apor 102 ## $aPT 105 ## $ay z 000ay 106 ## $ar 200 1# $aTrês mulheres enamoradas$eromance$fSalvador Gotta$gtrad. F. J. Cardoso Júnior 210 #9 $aLisboa$cMinerva,$d[1945] 215 ## $a222, [2] p.$d21 cm 304 ## $aTít. orig.: Tre donne innamorate 675 ## $a821.131.1-31"19"$vBN$zpor$3556093 700 #1 $aGotta,$bSalvator,$f1887-1980$3190632 702 #1 $aCardoso Júnior,$bFrancisco José,$f1884-1969$4730$328562 801 #0 $aPT$bBN$gRPC 966 ## $lBN$mFGMON$sL. 36488 P. 966 ## $lBN$mFGMON$sL. 98235 V.$x6 997 ## $aBIBEOD 998 ## $aCR623-367
Etiqueta de registo: 00685cam 022002051 04500 001 1011557 003 http://id.bnportugal.gov.pt/bib/catbnp/1011557 005 20000209183200.0 100 ## $a20000201d194 m y0pory0103 ba 101 1# $apor 102 ## $aPT 106 ## $ar 200 1# $aVida religiosa dos gregos$fJ. J. Barthélemy$gtrad. e notas de F. J. Cardoso Júnior 210 #9 $aLisboa$cInquérito,$d[194-] 215 ## $a75, [4] p.$d19 cm 225 2# $aCadernos "Inquérito"$hSérie C.$iFilosofia e religião$v8 700 #1 $aBarthelemy,$bJean Jacques,$f1716-1795$343143 702 #1 $aCardoso Júnior,$bFrancisco José,$f1884-1969$4730$4212$328562 801 #0 $aPT$bBN$gRPC 966 ## $lBN$mFGMON$pBiblioteca José Marinho$sR. 40175 P.$x3 997 ## $aBIBEOD 998 ## $aCR605-147
Etiqueta de registo: 00532cam 22001811 450 001 996687 003 http://id.bnportugal.gov.pt/bib/catbnp/996687 005 19990628000000.0 095 ## $aPTBN01008950 100 ## $a19980909d1930 c y0pory0103 ba 101 0# $apor 102 ## $aPT 200 1# $aHistória pátria$eIV classe$fJoão Grave e F. J. Cardoso Júnior 210 #9 $aPôrto$cLiv. Chardron,$d1930 215 ## $a170 p.$cil.$d19 cm 700 #1 $aGrave,$bJoão,$f1872-1934$339900 701 #1 $aCardoso Júnior,$bFrancisco José,$f1884-1969$4070$328562 801 #0 $aPT$bBN$gRPC 966 ## $lBN$mFGMON$sH.G. 24511 P. 997 ## $aBIBEOD
Etiqueta de registo: 00513nam 22001691i 450 001 1259242 003 http://id.bnportugal.gov.pt/bib/catbnp/1259242 100 ## $a20020606d1938 m y0pory0103 ba 101 1# $apor 102 ## $aPT 200 1# $a Os brinquedos do Natal$fWalt Disney$gilust. e trad. de F. J. Cardoso Júnior 210 #9 $aPôrto$cLello,$d1938 215 ## $a50 [1] p.$cil.$d26 cm 700 #1 $aDisney,$bWalt,$f1901-1966$327116 702 #1 $aCardoso Júnior,$bFrancisco José,$f1884-1969$4440$4730$328562 801 #0 $aPT$bBN 801 #1 $aFR$bJOUVE 966 ## $lBN$mFGMON$sL. 1025 A.$x0
Etiqueta de registo: 00538nam 22001691i 450 001 1254251 003 http://id.bnportugal.gov.pt/bib/catbnp/1254251 100 ## $a20020606d1938 m y0pory0103 ba 101 1# $apor 102 ## $aPT 200 1# $a Os três porquinhos$eConto e ilustrações extraidos do célebre filme de Walt Disney$fWalt Disney$gTrad. F. J. Cardoso Junior 210 #9 $aPôrto$cLello & Irmão$d[1938] 215 ## $a62 [1] p.$cil.$d26 cm 225 2# $aMickey apresenta 700 #1 $aDisney,$bWalt,$f1901-1966$327116 702 #1 $aCardoso Júnior,$bFrancisco José,$f1884-1969$4730$328562 801 #0 $aPT$bBN 801 #1 $aFR$bJOUVE 966 ## $lBN$mFGMON$sL. 5999 A.$x0
Etiqueta de registo: 00566nam 22001691i 450 001 1254165 003 http://id.bnportugal.gov.pt/bib/catbnp/1254165 100 ## $a20020606f19001989m y0pory010305 ba 101 1# $apor 102 ## $aPT 200 1# $a A cigarra e as formigas$eConto e ilustrações extraidas do célebre filme de Walt Disney$fTradução do Professor F. J. Cardoso Junior 210 #9 $aPôrto$cLivr. Lelo & Irmão Ed.$d[19--] 215 ## $a51 p.$cil.$d26 cm 225 2# $aMickey apresenta 702 #1 $aCardoso Júnior,$bFrancisco José,$f1884-1969$4730$328562 801 #0 $aPT$bBN 801 #1 $aFR$bJOUVE 966 ## $lBN$mFGMON$sL. 5949 A.$x0 997 ## $aBIBEOD
Etiqueta de registo: 06055nam 2201129 450 001 1245370 003 http://id.bnportugal.gov.pt/bib/catbnp/1245370 100 ## $a20040702g19491959m y0pory01030103ba 101 0# $apor 102 ## $aPT 105 ## $ay e 000yy 106 ## $ar 200 1# $aGrande dicionário da língua portuguesa$fAntónio de Morais Silva 205 ## $a10ª ed. rev. corrig. muito aum. e actualizada...$fAugusto Moreno, Cardoso júnior, José Pedro Machado 210 #9 $a[S.l.]$cConfluência,$dimp. 1949-1959 215 ## $a12 v.$d26 cm 317 ## $aBiblioteca Jorge de Sena$5PTBN: J.S. 4477-1 a J.S. 4477-12 700 #1 $aSilva,$bAntónio de Morais,$f1755-1824$389073 702 #1 $aMoreno,$bAugusto,$f1870-1955$4340$3150688 702 #1 $aCardoso Júnior,$bFrancisco José,$f1884-1969$4340$328562 702 #1 $aMachado,$bJosé Pedro,$f1914-2005$4340$331477 801 #0 $aPT$bBN 856 40 $uhttps://purl.pt/35356 856 41 $uhttps://purl.pt/35356/service/media/cover/low 856 49 $uhttps://purl.pt/35356/service/media/pdf/l-25261-v$qapplication/pdf 856 49 $uhttps://purl.pt/35356/service/media/pdf/l-25259-v$qapplication/pdf 856 49 $uhttps://purl.pt/35356/service/media/pdf/l-25258-v$qapplication/pdf 856 49 $uhttps://purl.pt/35356/service/media/pdf/l-25252-v$qapplication/pdf 856 49 $uhttps://purl.pt/35356/service/media/pdf/l-25253-v$qapplication/pdf 856 49 $uhttps://purl.pt/35356/service/media/pdf/l-25260-v$qapplication/pdf 856 49 $uhttps://purl.pt/35356/service/media/pdf/l-25251-v$qapplication/pdf 856 49 $uhttps://purl.pt/35356/service/media/pdf/l-25250-v$qapplication/pdf 856 49 $uhttps://purl.pt/35356/service/media/pdf/l-25255-v$qapplication/pdf 856 49 $uhttps://purl.pt/35356/service/media/pdf/l-25254-v$qapplication/pdf 856 49 $uhttps://purl.pt/35356/service/media/pdf/l-25256-v$qapplication/pdf 856 49 $uhttps://purl.pt/35356/service/media/pdf/l-25257-v$qapplication/pdf 958 ## $aBND$bLivre$cDigitalizado$d1$ehttps://purl.pt/35356/service/media/cover/max 966 ## $b004$lBN$mFGMON$nUsual Sala Leitura Geral$s81 LP SIL 966 ## $b004$lBN$mFGMON$nUsual Sala Leitura Geral$s81 LP SIL 966 ## $b004$lBN$mFGMON$nUsual Sala Leitura Geral$s81 LP SIL 966 ## $b004$lBN$mFGMON$nUsual Sala Leitura Geral$s81 LP SIL 966 ## $b004$lBN$mFGMON$nUsual Sala Leitura Geral$s81 LP SIL 966 ## $b004$lBN$mFGMON$nUsual Sala Leitura Geral$s81 LP SIL 966 ## $b004$lBN$mFGMON$nUsual Sala Leitura Geral$s81 LP SIL 966 ## $b004$lBN$mFGMON$nUsual Sala Leitura Geral$s81 LP SIL 966 ## $b004$lBN$mFGMON$nUsual Sala Leitura Geral$s81 LP SIL 966 ## $b004$lBN$mFGMON$nUsual Sala Leitura Geral$s81 LP SIL 966 ## $b004$lBN$mFGMON$nUsual Sala Leitura Geral$s81 LP SIL 966 ## $b004$lBN$mFGMON$nUsual Sala Leitura Geral$s81 LP SIL 966 ## $b005$dV. 1$lBN$mFGMON$pBiblioteca Jorge de Sena$sJ.S. 4477-1 $x3 966 ## $b005$dV. 2$lBN$mFGMON$pBiblioteca Jorge de Sena$sJ.S. 4477-2 $x3 966 ## $b005$dV. 3$lBN$mFGMON$pBiblioteca Jorge de Sena$sJ.S. 4477-3 $x3 966 ## $b005$dV. 4$lBN$mFGMON$pBiblioteca Jorge de Sena$sJ.S. 4477-4 $x3 966 ## $b005$dV. 5$lBN$mFGMON$pBiblioteca Jorge de Sena$sJ.S. 4477-5 $x3 966 ## $b005$dV. 6$lBN$mFGMON$pBiblioteca Jorge de Sena$sJ.S. 4477-6 $x3 966 ## $b005$dV. 7$lBN$mFGMON$pBiblioteca Jorge de Sena$sJ.S. 4477-7 $x3 966 ## $b005$dV. 8$lBN$mFGMON$pBiblioteca Jorge de Sena$sJ.S. 4477-8 $x3 966 ## $b005$dV. 9$lBN$mFGMON$pBiblioteca Jorge de Sena$sJ.S. 4477-9 $x3 966 ## $b005$dV. 10$lBN$mFGMON$pBiblioteca Jorge de Sena$sJ.S. 4477-10 $x3 966 ## $b005$dV. 11$lBN$mFGMON$pBiblioteca Jorge de Sena$sJ.S. 4477-11 $x3 966 ## $b005$dV. 12$lBN$mFGMON$pBiblioteca Jorge de Sena$sJ.S. 4477-12 $x3 966 ## $b001$lBN$mFGMON$nUsual Sala Leitura Reservados$sL. 19671 V.$x0 966 ## $b001$lBN$mFGMON$nUsual Sala Leitura Reservados$sL. 19672 V.$x0 966 ## $b001$lBN$mFGMON$nUsual Sala Leitura Reservados$sL. 19673 V.$x0 966 ## $b001$lBN$mFGMON$nUsual Sala Leitura Reservados$sL. 19674 V.$x0 966 ## $b001$lBN$mFGMON$nUsual Sala Leitura Reservados$sL. 19675 V.$x0 966 ## $b001$lBN$mFGMON$nUsual Sala Leitura Reservados$sL. 19676 V.$x0 966 ## $b001$lBN$mFGMON$nUsual Sala Leitura Reservados$sL. 19677 V.$x0 966 ## $b001$lBN$mFGMON$nUsual Sala Leitura Reservados$sL. 19678 V.$x0 966 ## $b001$lBN$mFGMON$nUsual Sala Leitura Reservados$sL. 19679 V.$x0 966 ## $b001$lBN$mFGMON$nUsual Sala Leitura Reservados$sL. 19680 V.$x0 966 ## $b001$lBN$mFGMON$nUsual Sala Leitura Reservados$sL. 19681 V.$x0 966 ## $b001$lBN$mFGMON$nUsual Sala Leitura Reservados$sL. 19682 V.$x0 966 ## $b002$dV. 1$lBN$mFGMON$sL. 24829 V.$x0 966 ## $b002$dV. 2$lBN$mFGMON$sL. 24830 V.$x0 966 ## $b002$dV. 3$lBN$mFGMON$sL. 24831 V.$x0 966 ## $b002$dV. 4$lBN$mFGMON$sL. 24832 V.$x0 966 ## $b002$dV. 5$lBN$mFGMON$sL. 24833 V.$x0 966 ## $b002$dV. 6$lBN$mFGMON$sL. 24834 V.$x0 966 ## $b002$dV. 7$lBN$mFGMON$sL. 24835 V.$x0 966 ## $b002$dV. 8$lBN$mFGMON$sL. 24836 V.$x0 966 ## $b002$dV. 9$lBN$mFGMON$sL. 24837 V.$x0 966 ## $b002$dV. 10$lBN$mFGMON$sL. 24838 V.$x0 966 ## $b002$dV. 11$lBN$mFGMON$sL. 24839 V.$x0 966 ## $b002$dV. 12$lBN$mFGMON$sL. 24840 V.$x0 966 ## $b003$dV. 1$lBN$mFGMON$sL. 25250 V. $x3 966 ## $b003$dV. 2$lBN$mFGMON$sL. 25251 V. $x3 966 ## $b003$dV. 3$lBN$mFGMON$sL. 25252 V. $x3 966 ## $b003$dV. 4$lBN$mFGMON$sL. 25253 V. $x3 966 ## $b003$dV. 5$lBN$mFGMON$sL. 25254 V. $x3 966 ## $b003$dV. 6$lBN$mFGMON$sL. 25255 V. $x3 966 ## $b003$dV. 7$lBN$mFGMON$sL. 25256 V. $x3 966 ## $b003$dV. 8$lBN$mFGMON$sL. 25257 V. $x3 966 ## $b003$dV. 9$lBN$mFGMON$sL. 25258 V. $x3 966 ## $b003$dV. 10$lBN$mFGMON$sL. 25259 V. $x3 966 ## $b003$dV. 11$lBN$mFGMON$sL. 25260 V.$x3 966 ## $b003$dV. 12$lBN$mFGMON$sL. 25261 V.$x3
Etiqueta de registo: 00542nam 22001691i 450 001 1225469 003 http://id.bnportugal.gov.pt/bib/catbnp/1225469 100 ## $a20020304d1912 m y0pory010305 ba 101 0# $apor 102 ## $aPT 200 1# $aMoral em narrativas e preceitos$eem obediencia ao decreto que tornou neutra a escola primaria$fF. J. Cardoso Junior 205 ## $aSegunda edição 210 #9 $aPorto$cJ. Pereira da Silva$cTyp. Progresso$d1912 215 ## $a1 v.$d8 700 #1 $aCardoso Júnior,$bFrancisco José,$f1884-1969$328562 801 #0 $aPT$bBN 801 #1 $aFR$bJOUVE 966 ## $lBN$mFGMON$sS.A. 14009 P.$x0 997 ## $aBIBEOD
Etiqueta de registo: 00457nam 22001571i 450 001 1221961 003 http://id.bnportugal.gov.pt/bib/catbnp/1221961 100 ## $a20020304d1917 m y0pory010305 ba 101 0# $apor 102 ## $aPT 200 1# $aExercícios de redação para as escolas primárias$fF. J. Cardoso Júnior 210 #9 $aPorto$cJ. Pereira da Silva,$d[1917] 215 ## $a1 v.$d18 cm 700 #1 $aCardoso Júnior,$bFrancisco José,$f1884-1969$328562 801 #0 $aPT$bBN 801 #1 $aFR$bJOUVE 966 ## $lBN$mFGMON$sS.A. 21172 P.$x0 997 ## $aBIBEOD
Etiqueta de registo: 00481nam 22001691i 450 001 1222104 003 http://id.bnportugal.gov.pt/bib/catbnp/1222104 100 ## $a20020304d1912 m y0pory010305 ba 101 0# $apor 102 ## $aPT 200 1# $aMoral em narrativas e preceitos$fFrancisco José Cardoso Júnior 205 ## $a2a ed 210 #9 $aPorto$cLivr. Fernandes$d1912 215 ## $a1 folh.$cil.$d18 cm 700 #1 $aCardoso Júnior,$bFrancisco José,$f1884-1969$328562 801 #0 $aPT$bBN 801 #1 $aFR$bJOUVE 966 ## $lBN$mFGMON$sS.A. 21344 P.$x0 997 ## $aBIBEOD
Etiqueta de registo: 00553nam 22001691i 450 001 1254168 003 http://id.bnportugal.gov.pt/bib/catbnp/1254168 100 ## $a20020606f19001989m y0pory010305 ba 101 1# $apor 102 ## $aPT 200 1# $a Os brinquedos do Natal$eConto e ilustrações extraidas do célebre filme de Walt Disney$fTradução de F. J. Cardoso 210 #9 $aPôrto$cLivr.. Lello & Irmão$d[19--] 215 ## $a50 p. [1 p.]$cil.$d26 cm 225 2# $aMickey apresenta 702 #1 $aCardoso Júnior,$bFrancisco José,$f1884-1969$4730$328562 801 #0 $aPT$bBN 801 #1 $aFR$bJOUVE 966 ## $lBN$mFGMON$sL. 5951 A.$x0 997 ## $aBIBEOD
Etiqueta de registo: 00582nam 22001811i 450 001 1254167 003 http://id.bnportugal.gov.pt/bib/catbnp/1254167 100 ## $a20020606f19001989m y0pory010305 ba 101 1# $apor 102 ## $aPT 200 1# $a O flautista de Hamelim$eConto e ilustrações extraidas do célebre filme de Walte Disney$fTradução do Professor F. J. Cardoso 210 #9 $aPôrto$cLivr.. Lello & Irmão$d[19--] 215 ## $a76 p.$cil.$d26 cm 225 2# $aMickey apresenta 702 #1 $aCardoso Júnior,$bFrancisco José,$f1884-1969$4730$328562 801 #0 $aPT$bBN 801 #1 $aFR$bJOUVE 966 ## $lBN$mFGMON$sL. 5950 A.$x0 997 ## $aBIBEOD 999 ## $aFOC 200
Etiqueta de registo: 00736cam 22002171 450 001 724880 003 http://id.bnportugal.gov.pt/bib/catbnp/724880 005 20000707102600.0 095 ## $aPTBN00512054 100 ## $a19931018d1940 m y0pory0103 ba 101 1# $apor$cfre 102 ## $aPT 200 1# $aVida religiosa dos gregos$e(da viagem de Anacársis)$fJ. J. Barthélemy$gtrad. e notas de F. J. Cardoso Júnior 210 #9 $aLisboa$cInquérito,$d1940 215 ## $a78, [2] p.$d19 cm 225 2# $aCadernos Inquérito$hSérie C.$iFilosofia e religião$v8 700 #1 $aBarthelemy,$bJean Jacques,$f1716-1795$343143 702 #1 $aCardoso Júnior,$bFrancisco José,$f1884-1969$4730$4212$328562 801 #0 $aPT$bBN$gRPC 966 ## $lBN$mFGMON$sR. 30243//2 P. 966 ## $lBN$mFGMON$sR. 34867 P.$x0 997 ## $aBIBEOD 998 ## $aCR605-147
Etiqueta de registo: 00709cam 2200217 450 001 1036129 003 http://id.bnportugal.gov.pt/bib/catbnp/1036129 005 20001018000000.0 100 ## $a20001018d1964 m y0pory0103 ba 101 1# $apor$cger 102 ## $aPT 105 ## $ay z 000yy 106 ## $ar 200 1# $a A Segunda Guerra Mundial$fpor Hellmuth Guenther Dahms$gtrad. de F. J. Cardoso Júnior 210 #9 $aVenda Nova$cIbis,$d1964 215 ## $a404, [12] p., [48] p. il.$cil., mapas$d20 cm 225 2# $aCirculo azul$e a História e os Homens 304 ## $aTit. orig.: Der Zweite Weltkrieg 606 ## $aSegunda Guerra Mundial, 1939-1945$xHistória$2SIPOR$311194 675 ## $a94(100)"1939/1945"$vBN$zpor$3897725 675 ## $a355.48(100)"1939/1945"$vBN$zpor$3486605 700 #1 $aDahms,$bHellmuth Günther$3351074 702 #1 $aCardoso Júnior,$bFrancisco José,$f1884-1969$4730$328562 801 #0 $aPT$bBN$gRPC 966 ## $lBN$mFGMON$sH.G. 23843 V.$x0 997 ## $aBIBEOD
Etiqueta de registo: 00000ckm 2200025 450 001 1964421 003 http://id.bnportugal.gov.pt/bib/catbnp/1964421 101 0# $apor 102 ## $aPT 116 ## $ad 200 1# $aHistória Natural$bVisual gráfico]$ecolecção de 500 cromos$fdesenhos de E. Vicente e Miguel Conde$gtextos de Pilar Gavin e E. Perez Mas$gtradução portuguesa de F. Y. Cardoso Júnior 205 ## $a1ª ed 210 #9 $aLisboa$cEditorial Ibis, Ltd.ª,$dcop. 1958 215 ## $a2 álbuns ([6, 21 p. il.] cada)$cprincipalmente il., reprodução fotomecânica, color.$d27,5x20 cm 225 2# $aColecção Cultura$isérie 4.ª$válbum 1.º 225 2# $aColecção Cultura$isérie 4.ª$válbum 2.º 300 ## $aÁlbum popularmente designado como "caderneta de cromos" 304 ## $aIdentidade do editor e do distribuidor, segundo referências destacada na contracapa,
omissa na página de rosto, sendo nesta incluída a menção de titularidade do direito
de autor detido por "Francisco Bruguera" 307 ## $aColeção de estampas (ditas "cromos"), de 5,7x8,2 cm, com reproduções de desenhos coloridos
de minerais, plantas e animais de diferentes espécies, coladas sobre rectângulos desenhados
nas folhas de suporte, junto das respectivas legendas, respectivamente arrumadas em
três secções ("Mineralogia", "Botânica" e "Zoologia") 308 ## $aReferências à coleção segundo menções na capa de cada álbum 317 ## $aColeção Leandro de Moraes Sarmento$5PTBN: L.M.S. 978 675 ## $a087.5(084.1)$vmed$zpor$3288233 675 ## $a087.5(=1:469)"19"(084.1)$vBN$zpor$31557998 675 ## $a549(084.1)$vBN$zpor$31817845 675 ## $a58(084.1)$vBN$zpor$3487879 675 ## $a59(084.5)$vBN$zpor$31402244 700 #1 $91$aRodriguez,$bE. Vicente,$ffl. 1950$31997393 702 #1 $91$aConde,$bMiguel,$f1925-2015$4070$31997477 702 #1 $aGavin,$bPilar$4070$332038 702 #1 $aPérez Más,$bErnesto$4070$359083 702 #1 $aBruguera Grané,$bFrancisco,$f1912-1996$4260$31817847 702 #1 $aCardoso Júnior,$bFrancisco José,$f1884-1969$4730$328562 712 02 $aEditorial Ibis$4650$36174 712 02 $aBertrand$4310$312798 801 #0 $aPT$bBN$gRPC 966 ## $d1º Álbum$lBN$mFGMON$pBiblioteca particular Leandro de Moraes Sarmento$sL.M.S. 978 $x3 966 ## $d1º Álbum$lBN$mICONOG$sE.A. 304 P. $x3 966 ## $d2º Álbum$lBN$mICONOG$sE.A. 305 P. $x3
Etiqueta de registo: 00562cam 02200193 04500 001 845216 003 http://id.bnportugal.gov.pt/bib/catbnp/845216 005 19990626102200.0 095 ## $aPTBN00499393 100 ## $a19990126d1936 km y0pory01030103ba 101 1# $apor 102 ## $aPT 105 ## $aa z 000fy 106 ## $ar 200 1# $a A arca de Noé$fWalt Disney$gtrad. F. J. Cardoso Júnior 210 #9 $aPorto$cLivraria Lello & Irmäo,$d[1936] 215 ## $a64 p.$cil.$d26 cm 675 ## $a087.5$vBN$zpor$3287999 675 ## $a821.111(73)-93"19"$vBN$zpor$3556079 675 ## $a821.111(73)-34"19"$vBN$zpor$3438102 700 #1 $aDisney,$bWalt,$f1901-1966$327116 702 #1 $aCardoso Júnior,$bFrancisco José,$f1884-1969$4730$328562 801 #0 $aPT$bBN$gRPC 966 ## $b001$lBN$mFGMON$sL. 5997 A. 966 ## $b002$lBN$mFGMON$sP. 58322 V.$x3 972 ## $e0$d20210922$vasantos 973 ## $cigoulao$d20210913 998 ## $aCR624-66
Etiqueta de registo: 00254nkm 2200025 450 001 2285645 003 http://id.bnportugal.gov.pt/bib/catbnp/2285645 100 ## $a20260503d1958 m y0pory01030103ba 101 0# $apor 102 ## $aPT 116 ## $ad 200 1# $aHistória Natural$bVisual gráfico]$ecolecção de 500 cromos$fEditorial Ibis$gtextos de Pilar Gavin e E. Perez Mas$gdes. E. Vicente e Miguel Conde$gtrad. F. J. Cardoso Júnior 205 ## $a9ª ed. 210 #9 $aAmadora$cEditorial Ibis$d[ca 1962] 215 ## $a1 v.$ctodo il., color.$d29 cm 225 2# $aColecção Cultura$iSérie 4$v2 305 ## $aVersão portuguesa da edição espanhola (Editorial Bruguera, 1958) 317 ## $aColeção Leandro de Moraes Sarmento$5PTBN: L.M.S. 974 327 11 $aV. 2: (23 f.) 330 ## $aColeção incompleta composta por 250 cromos esmaltados a cores (5,5x8 cm) com base
em guaches de Miguel Conde (minerais) e E. Vicente Rodriguez (plantas e animais),
alusivos à História Natural e arrumada em três secções: Mineralogia, Botânica e Zoologia 606 ## $aPublicações juvenis$2SIPOR$367222 675 ## $a087.5(084.1)$vmed$zpor$3288233 701 #1 $aGavin,$bPilar$4070$332038 702 #1 $91$aRodriguez,$bE. Vicente,$ffl. 1950$4440$31997393 702 #1 $91$aConde,$bMiguel,$f1925-2015$4440$31997477 702 #1 $aBruguera Grané,$bFrancisco,$f1912-1996$4260$31817847 702 #1 $aCardoso Júnior,$bFrancisco José,$f1884-1969$4730$328562 702 #1 $aPérez Más,$bErnesto$4070$359083 710 02 $aEditorial Ibis$36174 801 #0 $aPT$bBN$gRPC 966 ## $dV. 2$lBN$mFGMON$pBiblioteca particular Leandro de Moraes Sarmento$sL.M.S. 974 $x3
Etiqueta de registo: 00254nkm 2200025 450 001 2285643 003 http://id.bnportugal.gov.pt/bib/catbnp/2285643 100 ## $a20260503d1958 m y0pory01030103ba 101 0# $apor 102 ## $aPT 116 ## $ad 200 1# $aHistória Natural$bVisual gráfico]$ecolecção de 500 cromos$fEditorial Ibis$gtextos de Pilar Gavin e E. Perez Mas$gdes. E. Vicente e Miguel Conde$gtrad. F. J. Cardoso Júnior 205 ## $a10ª ed. 210 #9 $aAmadora$cEditorial Ibis$d[1963] 215 ## $a2 vols.$ctodo il., color.$d29 cm 225 2# $aColecção Cultura$iSérie 4$v1; 2 305 ## $aVersão portuguesa da edição espanhola (Editorial Bruguera, 1958) 317 ## $aColeção Leandro de Moraes Sarmento$5PTBN: L.M.S. 972; L.M.S. 973 327 11 $aV. 1: (23 f.). - V. 2: (23 f.) 330 ## $aColeção de 500 cromos coloridos (5,5x8 cm), com base em guaches de Miguel Conde (minerais)
e E. Vicente Rodriguez (plantas e animais), alusivos à História Natural e arrumada
em três secções: Mineralogia, Botânica e Zoologia 675 ## $a087.5(084.1)$vmed$zpor$3288233 701 #1 $aGavin,$bPilar$4070$332038 702 #1 $91$aRodriguez,$bE. Vicente,$ffl. 1950$4440$31997393 702 #1 $91$aConde,$bMiguel,$f1925-2015$4440$31997477 702 #1 $aBruguera Grané,$bFrancisco,$f1912-1996$4260$31817847 702 #1 $aCardoso Júnior,$bFrancisco José,$f1884-1969$4730$328562 702 #1 $aPérez Más,$bErnesto$4070$359083 710 02 $aEditorial Ibis$36174 801 #0 $aPT$bBN$gRPC 966 ## $dV. 1$lBN$mFGMON$pBiblioteca particular Leandro de Moraes Sarmento$sL.M.S. 972 $x3 966 ## $dV. 2$lBN$mFGMON$pBiblioteca particular Leandro de Moraes Sarmento$sL.M.S. 973 $x3
|
|
|